000 01011naa a22002777a 4500
001 BR8804250
003 BR-BrBNA
005 20240918180245.0
007 ta
008 230509b bl.||||| |||| 00| 0 por d
040 _aBR-BrBNA
_bpor
_cBiblioteca Nacional de Agricultura
041 _a(Pt)
072 _aF03
_b1900
_b3575
090 _aF03 BR8804250
100 1 _aOliveira, P.R.P. de
111 1 _a1. Seminario Paulista de Sementes e Mudas
_cSao Paulo, SP (Brazil)
_d10-12 Dec 1984
245 1 _aAnalise de sementes forrageiras - teste de tetrazolio
260 3 _aSao Paulo, SP (Brasil):
_c1984.
500 _aAnais do 1. Seminario Paulista de Sementes e Mudas Sao Paulo, SP (Brasil): 1984. p. 355-362 (BR8804250-AM)F03
650 _aPLANTA FORRAGEIRA
650 _aSEMENTE
650 _aTESTE DE TETRAZOLIO
773 0 _tAnais do 1. Seminario Paulista de Sementes e Mudas
_wF03 BR8804250
_gSao Paulo, SP (Brasil), 1984. p. 355-362
909 _a202404
_bLucia
_c55
_dLucia Elande
942 _cAM
_2AGRIS
999 _c319490
_d319490